| 000 | 03391nem a2200649 i 4500 | ||
|---|---|---|---|
| 001 | 35211 | ||
| 003 | KOSZ 005 | ||
| 005 | 20230704094338.0 | ||
| 007 | ad canzn | ||
| 008 | 000616s1998 pl e | 0 pol | ||
| 015 | _aUWD 2000/10387 | ||
| 034 | 3 |
_aa _b500000 _b4000000 |
|
| 035 | _a991014012629705066 | ||
| 035 | _a(PL-WaBN)b13767550-48omnis_nlop | ||
| 035 | _ab13767550 | ||
| 035 | _a(OCoLC)233448851 | ||
| 035 | _a(PL)b0000001376755 | ||
| 035 | _a(EXLNZ-48OMNIS_NETWORK)9910021603405606 | ||
| 040 |
_aWA N _cWA N _dKOSZ 005/HR |
||
| 046 | _k1998 | ||
| 080 | _a912:551.24(438) | ||
| 245 | 0 | 0 |
_aAtlas tektoniczny Polski / _cPaństwowy Instytut Geologiczny ; redaktor naukowy Jerzy Znosko ; współpraca redakcyjna Maria Pajchlowa ; opracował Jerzy Znosko przy współudziale: Ryszarda Dadleza, Andrzeja Grocholskiego, Zbigniewa Kowalczewskiego, Wojciecha Ryłko, Wacława Ryki ; redaktor Zakładu Produkcji PIG Ewa Miłaczewska ; opracowanie graficzne Wydawnictwo Kartograficzne Polskiej Agencji Ekologicznej SA ; redaktor Barbara Celińska. |
| 255 | _aSkale 1:500 000 - 1:4 000 000. | ||
| 260 |
_aWarszawa : _bWydawnictwo Kartograficzne Polskiej Agencji Ekologicznej, _ccopyright 1998. |
||
| 300 |
_a1 atlas (7 map na 10 arkuszach) : _bwielobarwne ; _cmapy składane, różnych wymiarów, w okładce 42 cm. |
||
| 336 |
_2rdacontent _aMapa 2D _bcri |
||
| 337 |
_2rdamedia _aBez urządzenia pośredniczącego _bn |
||
| 338 |
_2rdacarrier _aArkusz _bnb |
||
| 380 | _aMapy | ||
| 388 | _a1901-2000 | ||
| 388 | _a1989-2000 | ||
| 500 | _aAtlas składa się z: I. Mapa tektoniczna Polski, 1:500 000; II. Mapa rozprzestrzenienia kompleksów strukturalnych pokrywy osadowej, 1:750 000; III. Mapa jednostek tektonicznych Polski, 1:4 000 000; IV. Mapa powierzchni Moho w Polsce, 1:4 000 000; V. Mapa gęstości powierzchniowego strumienia ciepła w Polsce, 1:4 000 000; VI. Mapa głównych fotolineamentów Polski, 1:4 000 000; VII. Mapa terranów w Sudetach, 1:1 500 000. | ||
| 500 | _aTytuł z okładki. | ||
| 536 | _aDruk pracy finansowany przez Ministerstwo Ochrony Środowiska, Zasobów Naturalnych i Leśnictwa | ||
| 540 | _aCopyright by Państwowy Instytut Geologiczny, Warszawa 1998. | ||
| 546 | _aAtlas w języku polskim. | ||
| 650 | 7 |
_aTektonika _2DBN |
|
| 650 | 7 | _aGeologia | |
| 651 | 7 |
_aPolska _2DBN |
|
| 655 | 7 |
_aMapa geologiczna _2DBN |
|
| 655 | 7 | _aAtlas geologiczny | |
| 658 | _aGeografia i nauki o Ziemi | ||
| 700 | 1 |
_aCelińska, Barbara _eRedakcja |
|
| 700 | 1 |
_aDadlez, Ryszard _d(1931-2008) _eOpracowanie |
|
| 700 | 1 |
_aGrocholski, Andrzej _d(1928-2016) _eOpracowanie |
|
| 700 | 1 |
_aKowalczewski, Zbigniew _d(1938-2018) _eOpracowanie |
|
| 700 | 1 |
_aRyłko, Wojciech _d(1950-2019) _eOpracowanie |
|
| 700 | 1 |
_aRyka, Wacław _d(1931-1996) _eOpracowanie |
|
| 700 | 1 |
_aMiłaczewska, Ewa _eRedakcja |
|
| 700 | 1 |
_aPajchlowa, Maria _d(1919-1996) _eRedakcja |
|
| 700 | 1 |
_aZnosko, Jerzy _d(1922-2017) _eRedakcja |
|
| 710 | 2 | _aPaństwowy Instytut Geologiczny | |
| 710 | 2 | _aWydawnictwo Kartograficzne Polskiej Agencji Ekologicznej | |
| 856 |
_uhttp://koha.tu.koszalin.pl/cgi-bin/koha/opac-detail.pl?biblionumber=35211 _yKatalog online BPK |
||
| 942 |
_2UKD _cMP |
||
| 999 |
_c35211 _d35211 |
||